| 000 | 00912nam a2200229 a 4500 | ||
|---|---|---|---|
| 001 | 64991 | ||
| 003 | BD-RjUL | ||
| 005 | 20211209081357.0 | ||
| 008 | 170226s1958 ii |||| |||| 000 0 ben d | ||
| 020 | _c: Tk. 5.00 | ||
| 035 | _a(BD-RjUL)65121 | ||
| 040 |
_aBD-RjUL _bben _cBD-RjUL _dBD-RjUL |
||
| 041 | _aben | ||
| 082 |
_223 _a891.443 _bCHB 1958 |
||
| 100 | 1 |
_aচট্টোপাধ্যায়, শরৎচন্দ্র _9192668 |
|
| 245 | 1 |
_aবিপ্রদাস / _cশরৎচন্দ্র চট্টোপাধ্যায় |
|
| 260 |
_aকলিকাতা : _bএম সি সরকার অ্যান্ড সন্স প্রাইভেট লিমিটেড ; _c১৯৫৮ [১৩৬৫] |
||
| 300 |
_a২৬৬ পৃ. ; _c১৭ সেমি. |
||
| 650 |
_aবাংলা উপন্যাস _9170542 |
||
| 650 |
_aBengali Fiction _9170455 |
||
| 942 |
_2ddc _cBK |
||
| 999 |
_c64991 _d64991 |
||